| 000 -LEADER |
| fixed length control field |
00998nam a2200241Ia 4500 |
| 001 - CONTROL NUMBER |
| control field |
9984 |
| 003 - CONTROL NUMBER IDENTIFIER |
| control field |
GE_BSU |
| 008 - FIXED-LENGTH DATA ELEMENTS--GENERAL INFORMATION |
| fixed length control field |
181216s||||||||xx |||||||||||||| ||und|| |
| 040 ## - CATALOGING SOURCE |
| Transcribing agency |
GE_BSU |
| 080 ## - UNIVERSAL DECIMAL CLASSIFICATION NUMBER |
| Universal Decimal Classification number |
821.353.1–13 |
| 100 ## - MAIN ENTRY--PERSONAL NAME |
| Personal name |
რუსთაველი,შოთა |
| 245 ## - TITLE STATEMENT |
| Title |
ვეფხისტყაოსანი |
| 245 ## - TITLE STATEMENT |
| Remainder of title |
პოემა |
| 245 ## - TITLE STATEMENT |
| Statement of responsibility, etc. |
სარედ. კოლ.ირ.აბაშიძე და სხვ.ილ. ს.ქობულაძე.დეკორაც.გაფორმ.:თ.სამსონაძისა და ნოდიასი |
| 260 ## - PUBLICATION, DISTRIBUTION, ETC. |
| Place of publication, distribution, etc. |
თბილისი |
| 260 ## - PUBLICATION, DISTRIBUTION, ETC. |
| Name of publisher, distributor, etc. |
საბჭოთა საქართველო |
| 260 ## - PUBLICATION, DISTRIBUTION, ETC. |
| Date of publication, distribution, etc. |
1966 |
| 300 ## - PHYSICAL DESCRIPTION |
| Extent |
304გვ.ილ.30სმ. |
| 520 ## - SUMMARY, ETC. |
| Summary, etc. |
დაიბეჭდა შ.რუსთაველის დაბადების 800 წლისთავზე |
| 653 ## - INDEX TERM--UNCONTROLLED |
| Uncontrolled term |
ვეფხისტყაოსანი |
| 653 ## - INDEX TERM--UNCONTROLLED |
| Uncontrolled term |
პოემა |
| 942 ## - ADDED ENTRY ELEMENTS (KOHA) |
| Koha item type |
წიგნი |